书目信息 |
| 题名: |
中国电视概述
|
|
| 作者: | 壮春雨 著 | |
| 分册: | ||
| 出版信息: | 北京 中国广播电视出版社 1985.2 |
|
| 页数: | 272页 | |
| 开本: | 19cm | |
| 丛书名: | ||
| 单 册: | ||
| 中图分类: | G229.29 | |
| 科图分类: | ||
| 主题词: | 广播事业 , 电视事业 | |
| 电子资源: | ||
| ISBN: | ||
| 000 | 00582nam0 2200217 45 | |
| 001 | 0302271468 | |
| 005 | 20031219104106.0 | |
| 010 | @dCNY1.45 | |
| 091 | @a7236.044 | |
| 100 | @a20030227d1985 km y0chiy0120 ea | |
| 101 | 0 | @achi |
| 105 | @a z 000yy | |
| 200 | 1 | @a中国电视概述@AZhong Guo Dian Shi Gai Shu@f壮春雨著@FZhuang Chun Yu Zhu |
| 210 | @a北京@c中国广播电视出版社@d1985.2 | |
| 215 | @a272页@d19cm | |
| 606 | 0 | @a广播事业 |
| 606 | 0 | @a电视事业 |
| 690 | @aG229.29@v3 | |
| 701 | 0 | @a壮春雨@4著 |
| 801 | @aCN@bTSTC@c20030305 | |
| 905 | @dG229.29@e2@f1@b149044@b149047@f1 | |
| 中国电视概述/壮春雨著.-北京:中国广播电视出版社,1985.2 |
| 272页;19cm |
| ISBN :CNY1.45 |
| ● |
| 相关链接 |
|
|
|
|
正题名:中国电视概述
索取号:G229.29/2
 
预约/预借
| 序号 | 登录号 | 条形码 | 馆藏地/架位号 | 状态 | 备注 |
| 1 | 0149043 | 000497670 | 第一样本阅览室/ [索取号:G229.29/2] | 在馆 | |
| 2 | 0149044 | 001756978 | 密集书库/ [索取号:G229.29/2] | 在馆 | |
| 3 | 0149045 | 001751884 | 密集书库/ [索取号:G229.29/2] | 在馆 | |
| 4 | 0149046 | 000497689 | 第四借阅区/ [索取号:G229.29/2] | 在馆 | |
| 5 | 0149047 | 001756969 | 密集书库/ [索取号:G229.29/2] | 在馆 |